The earth policy reader

Bibliographic Details
Main Author: BROWN 1934-
Corporate Author: Earth Policy Institute
Other Authors: Fischlowitz-Roberts, Larsen
Format: Book
Published: London : Earthscan Pub. , 2003
Subjects:

MARC

LEADER 00000cam a2200000 7i4500
001 0000003015
005 20040401.0
020 0 0 |a 1853839701 
090 0 0 |a 338.927   |b BRO 2003 
100 1 0 |a BROWN   |h Lester Russell   |c 1934- 
245 1 4 |a The earth policy reader   |c Lester R. Brown, Janet Larsen, Bernie Fischlowitz-Roberts 
260 0 0 |a London :   |b Earthscan Pub. ,   |c 2003 
300 |a xvi, 303 p. :   |b charts ;   |c 22 cm. 
650 0 0 |a Environmental economics 
650 0 0 |a Environmental policy 
650 0 0 |a Sustainable development 
700 0 1 |a Fischlowitz-Roberts   |h Bernie 
700 0 1 |a Larsen   |h Janet 
710 1 1 |a Earth Policy Institute 
998 |a JPSM 
999 |a 0000005299   |b Monograph   |c Open Shelf   |e Default branch